Corporate finance : theory and practice /

Con base en datos financieros reales, se ofrece en este libro una introducción al mundo de las finanzas corporativas. La obra se centra, principalmente, en la teoría de cómo invertir, así como en la toma de deciciones económicas y de dividendos.

Guardado en:
Detalles Bibliográficos
Autor principal: Damodaran, Aswath (autor)
Formato: Libro
Idioma:Inglés
Publicado: Nueva York, EUA : Wiley, 2001, c2001
Edición:2a edición
Temas:
Etiquetas: Agrega una etiqueta
Sin etiquetas, Sé el primero en etiquetar este registro!

MARC

LEADER 00000nam^a2200000^a^4500
001 000117657
005 20250521000000.0
009 20260310094212.103
020 |a 0-471-28332-0 
037 |a Acervo ITESO - Biblioteca 
041 |a ING 
082 |a 658. 15  |b DAM 
100 |a Damodaran, Aswath  |e (autor) 
245 1 0 |a Corporate finance :  |b theory and practice /  |c A. Damodaran. 
250 |a 2a edición 
264 4 |a Nueva York, EUA :  |b Wiley,  |c 2001, c2001 
300 |a XXVI, 982 p. 
336 |a texto  |b txt  |2 rdacontenido 
337 |a sin mediación  |b n  |2 rdamedio 
338 |a volumen  |b nc  |2 rdasoporte 
520 |a Con base en datos financieros reales, se ofrece en este libro una introducción al mundo de las finanzas corporativas. La obra se centra, principalmente, en la teoría de cómo invertir, así como en la toma de deciciones económicas y de dividendos. 
649 |a XX 
650 |a Inversiones 
650 |a Toma de Decisiones 
650 |a Empresas 
650 |a Planeación Económica 
650 |a Contabilidad Financiera 
650 |a Finanzas 
650 |a Administración Financiera 
650 |a Ciencias Administrativas 
650 |a Economía 
910 |a Fondo General 
920 |a Impresos - Libros 
930 |a Colección General 
905 |a 101 
901 |a 0500053068  |b IT1  |c ACC  |u 20250521 
902 |a https://opac.biblio.iteso.mx/vufind/Record/000117657